Geometry Dash Demonlist - Statistics

General Stats
  • This quiz has been taken 19 times
    15 since last reset
  • The average score is 23 of 150
Answer Stats
# Level Name % Correct
1 Tidal Wave
100%
2 Acheron
93%
5 Avernus
57%
3 Nullscapes
57%
4 Silent Clubstep
57%
9 Slaughterhouse
43%
7 Abyss of Darkness
36%
10 Sakupen Circles
36%
6 Tunnel of Despair
36%
11 KOCMOC
29%
8 Kyouki
29%
15 Deimos
21%
13 Firework
21%
12 Menace
21%
56 Aerial Gleam
14%
102 Akashic Records
14%
93 Amalgam
14%
34 arcturus
14%
47 Atomic Cannon Mk III
14%
73 Axinie
14%
22 Belladonna
14%
121 Bloodlust
14%
86 Calculator Core
14%
64 Checked Steam
14%
54 Climax
14%
51 Coalescence
14%
27 Codependence
14%
89 Cognition
14%
79 Cold Sweat
14%
24 COMBUSTION
14%
82 ConClusion
14%
91 Cosmic Cyclone
14%
72 Crackhead Circles
14%
80 Crimson Planet
14%
57 Critical Heat
14%
38 Damascus
14%
30 Deadlier Clubstep
14%
49 Delta
14%
63 Destruction 19
14%
88 DIRECTIONS
14%
66 DISSONANCE
14%
71 Dry Out Copyable 2
14%
26 Edge of Destiny
14%
62 Esfera
14%
20 Eyes in the Water
14%
68 Fragile
14%
70 Frost Spirit
14%
94 Guideless Goobering
14%
61 Hard Machine
14%
105 Horros
14%
85 Instinct
14%
126 Jesse Pinkman
14%
41 Jigsaw
14%
118 Kappa
14%
60 Kenos
14%
67 Keres
14%
17 KOSETSU
14%
25 LIMBO
14%
75 Lotus Flower
14%
96 Lucid Nightmares
14%
28 Mayhem
14%
109 me when machine gang
14%
39 Midnight
14%
16 MINUSdry
14%
44 Natural Disaster
14%
50 NETWORK
14%
120 No Jokes
14%
42 Oblivion
14%
113 Omega Interface
14%
48 ORDINARY
14%
18 poocubed
14%
74 Promethean
14%
31 PSYCHOPATH
14%
77 qoUEO
14%
81 Renevant
14%
98 RUST
14%
95 SARY NEVER CLEAR
14%
33 SARYYX NEVER CLEAR
14%
19 Saul Goodman
14%
83 Scream Machine
14%
101 Shardscapes
14%
87 shimmer
14%
52 Shukketsu
14%
104 Sides of My Mind
14%
35 Sinister Silence
14%
84 Sky Shredder
14%
21 Solar Flare
14%
37 Sonic Wave Infinity
14%
78 SUPERHATEMEWORLD
14%
40 Tartarus
14%
53 Terminal Rampancy
14%
45 The Golden
14%
23 The Hallucination
14%
14 The Lightning Rod
14%
58 The Paroxysm of Rage
14%
32 The Yangire
14%
76 Thinking Space
14%
92 Trotil
14%
55 Trueffet
14%
36 UNKNOWN
14%
46 Verdant Landscape
14%
43 Viprin UFO
14%
29 walter white
14%
69 Widestep
14%
59 Zodiac
14%
139 Aronia
7%
123 Asterios
7%
150 Atmos
7%
147 Atomic Cannon
7%
90 Atomic Cannon Mk II
7%
135 Awedsy
7%
132 BarbarosFinaleFinale
7%
149 Cicatrize
7%
130 Citra
7%
136 Congregation
7%
114 Coral Cave
7%
99 CORRODERE
7%
141 Deimos
7%
111 Descent Into Exile
7%
144 DsinK
7%
107 Escape Room
7%
124 Excruciation Chamber
7%
131 Fog
7%
133 Gracefully
7%
146 IthacropoliX
7%
117 Jupiter My Favourite
7%
148 Knights of Thunder
7%
100 Launchpad Labyrinth
7%
138 Mewnel
7%
143 Moving Forward
7%
129 Neon Skyline
7%
65 NEUTRA
7%
142 Pagoda
7%
115 Pandemonium
7%
145 Pootis Engage XTREME
7%
125 PROTON LAUNCHER
7%
106 Ragnarok
7%
103 RUTHLESS
7%
112 Sand Sailor
7%
134 Sazerix
7%
137 Sigma
7%
110 Silent Club
7%
127 Terminux
7%
119 The Art of The Blade
7%
116 The Rupture
7%
108 TORN
7%
128 Twilight
7%
140 untitled unmastered
7%
122 Violet Illusions
7%
97 Ykds1479ymdppr
7%
No matching quizzes found
Score Distribution
Percent of People with Each Score
Percentile by Number Answered
Your Score History
You have not taken this quiz since the last reset